Library of the University of Algiers 3
Ibrahim Sultan Cheibout
شعار جامعة الجزائر 3
مكتبة جامعة الجزائر 3
إبراهيم سلطان شيبوط

الضرائب ومحاسبتها بين النظرية والتطبيق / (رقم التسجيلة. 41732)

تفاصيل مارك
000 -LEADER
fixed length control field 01628nam a2200253Ia 4500
003 - CONTROL NUMBER IDENTIFIER
control field Ost
005 - DATE AND TIME OF LATEST TRANSACTION
control field 20260507074910.0
008 - FIXED-LENGTH DATA ELEMENTS--GENERAL INFORMATION
fixed length control field 260507s9999||||xx |||||||||||||| ||und||
040 ## - CATALOGING SOURCE
Transcribing agency fsecg
041 ## - LANGUAGE CODE
Language code of text/sound track or separate title ara
082 ## - DEWEY DECIMAL CLASSIFICATION NUMBER
Classification number 657
100 ## - MAIN ENTRY--PERSONAL NAME
Personal name أبو نصار، محمد
Relator term مؤلف
245 #0 - TITLE STATEMENT
Title الضرائب ومحاسبتها بين النظرية والتطبيق /
Statement of responsibility, etc. محمد أبو نصار
250 ## - EDITION STATEMENT
Edition statement طبعة 2
260 ## - PUBLICATION, DISTRIBUTION, ETC.
Place of publication, distribution, etc. عمان:
Name of publisher, distributor, etc. [دون ناشر],
Date of publication, distribution, etc. 2003
300 ## - PHYSICAL DESCRIPTION
Extent 512 صفحة؛
Other physical details إيضاحات ؛
Dimensions 24 سم
520 ## - SUMMARY, ETC.
Summary, etc. التعريف بالضريبة وخصائصها، مدخل لقانون ضريبة الدخل في الأردن، مصادر الدخل الخاضعة للضريبة، نفقات العمل المقبولة وغير المقبولة ضريبيا، الأحكام العامة والنواحي الأجرائية لقانون ضريبة الدخل، ضريبة الدخل على الرواتب والأجور، مدخل لإجراءات التقدير على مختلف المكلفين، قطاع شركات الأشخاص، قطاع الشركات التجارية والصناعية، قطاع شركات المقاولات، قطاع الصرافة والوساطة، قطاع شركات التأمين، القطاع المصرفي والمالي والشركات التي تقبل الودائع
653 ## - INDEX TERM--UNCONTROLLED
Uncontrolled term الضرائب
653 ## - INDEX TERM--UNCONTROLLED
Uncontrolled term المحاسبة
653 ## - INDEX TERM--UNCONTROLLED
Uncontrolled term محاسبة- الضرائب
700 ## - ADDED ENTRY--PERSONAL NAME
Personal name الشهوان، فراس عطا الله
Relator term مؤلف ثانوي
700 ## - ADDED ENTRY--PERSONAL NAME
Personal name المشاعلة، محفوظ
Relator term مؤلف ثانوي
942 ## - ADDED ENTRY ELEMENTS (KOHA)
Koha item type كتب
المقتنيات
Withdrawn status Lost status Source of classification or shelving scheme Damaged status Not for loan Home library Current library Date acquired Serial enumeration / chronology Inventory number Total checkouts Full call number Barcode Date last seen Price effective from Koha item type
    Dewey Decimal Classification   NOT LOAN / إعارة داخلية مكتبة كلية العلوم الإقتصادية والعلوم التجارية وعلوم التسيير مكتبة كلية العلوم الإقتصادية والعلوم التجارية وعلوم التسيير 07/05/2026 الطابق الأرضي 1753/1   أ/2488ن1 1753/1 07/05/2026 07/05/2026 كتب
    Dewey Decimal Classification   Available مكتبة كلية العلوم الإقتصادية والعلوم التجارية وعلوم التسيير مكتبة كلية العلوم الإقتصادية والعلوم التجارية وعلوم التسيير 07/05/2026 الطابق الأرضي 1753/2   أ/2488ن2 1753/2 07/05/2026 07/05/2026 كتب
    Dewey Decimal Classification   Available مكتبة كلية العلوم الإقتصادية والعلوم التجارية وعلوم التسيير مكتبة كلية العلوم الإقتصادية والعلوم التجارية وعلوم التسيير 07/05/2026 الطابق الأرضي 1753/3   أ/2488ن3 1753/3 07/05/2026 07/05/2026 كتب
    Dewey Decimal Classification   Available مكتبة كلية العلوم الإقتصادية والعلوم التجارية وعلوم التسيير مكتبة كلية العلوم الإقتصادية والعلوم التجارية وعلوم التسيير 07/05/2026 الطابق الثاني 1753/4   أ/2488ن4 1753/4 07/05/2026 07/05/2026 كتب
    Dewey Decimal Classification   Available مكتبة كلية العلوم الإقتصادية والعلوم التجارية وعلوم التسيير مكتبة كلية العلوم الإقتصادية والعلوم التجارية وعلوم التسيير 07/05/2026 الطابق الثاني 1753/5   أ/2488ن5 1753/5 07/05/2026 07/05/2026 كتب
    Dewey Decimal Classification   Available مكتبة كلية العلوم الإقتصادية والعلوم التجارية وعلوم التسيير مكتبة كلية العلوم الإقتصادية والعلوم التجارية وعلوم التسيير 07/05/2026 مكتبة بن عكنون 1753/6   أ/2488ن6 1753/6 07/05/2026 07/05/2026 كتب
    Dewey Decimal Classification   Available مكتبة كلية العلوم الإقتصادية والعلوم التجارية وعلوم التسيير مكتبة كلية العلوم الإقتصادية والعلوم التجارية وعلوم التسيير 07/05/2026 مكتبة بن عكنون 1753/7   أ/2488ن7 1753/7 07/05/2026 07/05/2026 كتب

موارد الويب المفتوحة


© University of Algiers 3 All Rights Reserved
|
Implemented by LECHELAH Riad